书目信息 |
| 题名: |
汽车构造双色图解
|
|
| 作者: | 出射忠明 编 ;赵波 译 | |
| 分册: | ||
| 出版信息: | 北京 人民交通出版社 2004.12 |
|
| 页数: | 221页 | |
| 开本: | 24cm | |
| 丛书名: | ||
| 单 册: | ||
| 中图分类: | U463-64 | |
| 科图分类: | ||
| 主题词: | 汽车--qi che--构造--图解 | |
| 电子资源: | ||
| ISBN: | 7-114-05365-7 | |
| 000 | 00882nam0 2200241 450 | |
| 001 | 012007358558 | |
| 005 | 20070929101924.35 | |
| 010 | @a7-114-05365-7@dCNY33.00 | |
| 100 | @a20070724d2004 km y0chiy0120 ea | |
| 101 | 1 | @achi@cjpn |
| 102 | @aCN@b110000 | |
| 105 | @aa z 000yy | |
| 200 | 1 | @a汽车构造双色图解@Aqi che gou zao shuang se tu jie@f出射忠明编@Fchu she zhong ming bian@g赵波译@Gzhao bo yi |
| 210 | @a北京@c人民交通出版社@d2004.12 | |
| 215 | @a221页@c图@d24cm | |
| 300 | @a精品汽车教材 | |
| 330 | @a本书以图解的方式系统讲解了汽车构造,为初学者和汽车爱好者提供了很好的资料。介绍汽车的构造与工作原理。将汽车构造组成部分,从发动机、车身到底盘,通过简明易懂的图解进行讲述。 | |
| 606 | 0 | @a汽车@Aqi che@x构造@j图解 |
| 690 | @aU463-64@v4 | |
| 701 | 0 | @a出射忠明@Achu she zhong ming@4编 |
| 702 | 0 | @a赵波@Azhao bo@4译 |
| 801 | 0 | @aCN@c20070929 |
| 905 | @dU463-64@eC866 | |
| 汽车构造双色图解/出射忠明编/赵波译.-北京:人民交通出版社,2004.12 |
| 221页:图;24cm |
| 精品汽车教材 |
| ISBN 7-114-05365-7:CNY33.00 |
| 本书以图解的方式系统讲解了汽车构造,为初学者和汽车爱好者提供了很好的资料。介绍汽车的构造与工作原理。将汽车构造组成部分,从发动机、车身到底盘,通过简明易懂的图解进行讲述。 |
| ● |
| 相关链接 |
|
|
|
正题名:汽车构造双色图解
索取号:U463-64/C866
 
预约/预借
| 序号 | 登录号 | 条形码 | 馆藏地/架位号 | 状态 | 备注 |
| 1 | 249088 | 202490884 | 自科库501/ [索取号:U463-64/C866] | 在馆 |